000 00371pam a2200157a 44500
008 230515b2002 xxu||||| |||| 00| 0 eng d
020 _aNULL
041 _aENGL
082 _a620.11/ TIM
100 _aTIMOSHENKO S
245 _aSTRENGTH OF MATERIALS VOL2 THEORY AND PROBLEMS
250 _aN.D.
260 _aNULL
_bC.B.S
_c2002
300 _a572 PB
650 _aNULL
999 _c634257
_d634257